000 00208 a2200097 4500
001 57531
100 _a
245 _aJang-e-Azadi 1857
260 _aLahore
_bAl- Faisal
_c1990
090 _c35261
_d35261
942 _aNUST-CAE
_cMONOGRAPH
_c28071
999 _c292604
_d292604